00588nam a2200217Ia 450000500170000000800410001702000180005804100120007608200170008810000170010524500380012225000120016026000550017230000160022744000280024365000220027165000210029365000210031465000150033570000200035020260429111931.0260429s9999||||xx |||||||||||||| ||und|| a9789359787985 aEnglish a294.543bSIN aSingh Vikram 0aHatha yoga texts / cSingh Vikram a1st ed. aNew Delhi : bFriends Publications (India),c2024. a193 p.; pbk aInstant notes on yoga 4 a Hindu philosophy a Religious texts a Yoga literature aHatha yoga a Joshi, Navdeep